000 00478nam a22001577a 4500
005 20231115100601.0
008 231115b |||||||| |||| 00| 0 eng d
020 _a0409062839
082 _a344.1 WAL
100 _aWallis, MJD
_lEnglish
245 _aLabour and Employment Law /
_cMJD Wallis
260 _aDurban :
_bButterworth Publishers (Pty) Ltd,
_c1992
300 _b20 pages ;
_c26 cm.
650 _aLegal practice
_bLaw
942 _cBK
_6ALISON_BN_VRIES
999 _c666
_d666